000 01213cam a2200325 a 4500
005 20230802113946.0
008 021231s2002 nyua 001 0 eng c
010 _a 2002728863
020 _a0471219746
035 _a(OCoLC)ocm50419352
040 _aSXP
_cSXP
_dFUG
_dDLC
042 _apcc
050 0 0 _aTK5105.8885.J38
_bG36 2002
082 0 0 _a005.2762
_222
_bGAN-M
100 1 _aGanguli, Madhushree.
245 1 0 _aMaking use of JSP /
_cMadhushree Ganguli.
260 _aNew York :
_bWiley,
_c2002.
300 _axxv, 422 p. :
_bill. ;
_c24 cm.
500 _a"Wiley computer publishing"
500 _aIncludes index.
650 0 _aJava (Computer program language)
650 0 _aWeb servers.
650 0 _aWeb site development.
856 4 2 _3Contributor biographical information
_uhttp://www.loc.gov/catdir/bios/wiley044/2002728863.html
856 4 2 _3Publisher description
_uhttp://www.loc.gov/catdir/description/wiley037/2002728863.html
856 4 1 _3Table of contents
_uhttp://www.loc.gov/catdir/toc/wiley031/2002728863.html
906 _a7
_bcbc
_cpccadap
_d2
_encip
_f20
_gy-gencatlg
999 _c33177
_d33177